| 000 | 00408pam a2200157a 44500 | ||
|---|---|---|---|
| 008 | 230515b1992 xxu||||| |||| 00| 0 eng d | ||
| 020 | _aNULL | ||
| 041 | _aENG | ||
| 082 | _a617.9 | ||
| 100 | _aCALNE R. & POLLARD S.G. | ||
| 245 | _aSLIDE ATLAS OF OPERATIVE SURGERY UROLOGICAL SURGERY | ||
| 250 | _a- | ||
| 260 |
_aNULL _bLIPPINCOTT WILLIAMS WILKINS _c1992 |
||
| 300 | _a31+121 SLIDE | ||
| 650 | _aSURGERY | ||
| 999 |
_c548853 _d548853 |
||